International Migration Outlook 2017

Na minha lista:
Detalhes bibliográficos
Formato: Livro
Idioma:inglês
Publicado em: Paris OECD 2017
Edição:41st Edition
Colecção:International Migration Outlook
Assuntos:
Tags: Adicionar Tag
Sem tags, seja o primeiro a adicionar uma tag!

MARC

LEADER 00000nam a2200000 4500
001 0240948
005 20240221115036.2
020 |a 978-92-64-27555-3 
041 0 |a eng 
044 |a FR 
245 1 0 |a International Migration Outlook 2017 
250 |a 41st Edition 
264 1 |a Paris  |b OECD  |c 2017 
300 |a 361 s. 
490 1 |a International Migration Outlook 
830 0 |a International Migration Outlook 
610 2 0 |a migrácia 
610 2 0 |a imigrácia 
610 2 0 |a populácia 
610 2 0 |a demografia 
610 2 0 |a integrácia sociálna 
610 2 0 |a trh práce 
610 2 0 |a sily pracovné 
610 2 0 |a rodina 
610 2 0 |a údaje štatistické 
610 2 0 |a porovnanie štatistické medzinárodné 
610 2 0 |a 2017